| 000 | 00459nam a2200181Ia 4500 | ||
|---|---|---|---|
| 005 | 20250423094640.0 | ||
| 008 | 250422s9999 xx 000 0 und d | ||
| 020 | _a9781498727761 | ||
| 050 | _aTK 1087 .P37/ | ||
| 100 | _aParkin, Robert E | ||
| 245 | 0 | _aBuilding-integrated solar energy systems | |
| 260 | _aBoca Raton | ||
| 260 | _bCRC Press | ||
| 260 | _c2017 | ||
| 300 | _a548 p | ||
| 650 | _aBuilding-integrated photovoltaic systems | ||
| 942 | _cBK | ||
| 999 |
_c27875 _d27875 |
||